Prví absolventi

Prví absolventi študijnej špecializácie Poistná matematika na Ekonomickej univerzite v Bratislave. Absolventi majú kvalifikáciu "aktuára". Základom aktuárskej práce je kombinácia matematického a ekonomického vzdelania.

Enregistré dans:
Détails bibliographiques
Auteur principal: Huťka, Vladimír
Format: Chapitre de livre
Langue:slovaque
Sujets:
Tags: Ajouter un tag
Pas de tags, Soyez le premier à ajouter un tag!

MARC

LEADER 00000naa a2200000 4500
001 r021977
005 20230607125226.3
041 0 |a slo 
044 |a SK 
245 1 0 |a Prví absolventi  |c Vladimír Huťka 
520 |a Prví absolventi študijnej špecializácie Poistná matematika na Ekonomickej univerzite v Bratislave. Absolventi majú kvalifikáciu "aktuára". Základom aktuárskej práce je kombinácia matematického a ekonomického vzdelania. 
610 2 0 |a matematika poistná 
610 2 0 |a aktuári 
610 2 0 |a Ekonomická univerzita v Bratislave 
610 2 0 |a školy vysoké 
610 2 0 |a odbory študijné 
610 2 0 |a absolventi 
100 1 |a Huťka, Vladimír